01575nam a2200433 i 450000100060000000300080000600500170001400600190003100700150005000800410006502000180010602000280012403500220015204000310017405000210020508000070022608200160023310000270024924500710027626400530034730000520040033600310045233700330048333800430051650000230055950400290058258800830061159001620069465000320085665000400088865000280092865000280095665000150098465000170099965500270101679700180104385600630106199900170112447100FINmELB20241216231833.0m o d | cr cnu||||||||170601s2015 mx ob 001 0 spa d z9786077441410 a9786077442974q(e-book) a(OCoLC)1009111405 aFINmELBbspaerdacFINmELB 4aLC1031bZ38 2015 a370 a379.1552231 aZarzar Charur, Carlos.10aPlaneación didáctica por competencias /cCarlos Zarzar Charur. 1aMéxico D.F. :bGrupo Editorial Patria,c[2015] a1 recurso en línea (468 páginas sin nuerar) atextobtxt2rdacontent/spa acomputadorabc2rdamedia/spa arecurso en líneabcr2rdacarrier/spa aContiene índice. aContiene bibliografía. aDescripción basada en metadatos suministrados por el editor y otras fuentes. aRecurso electrónico. Santa Fe, Arg.: elibro, 2020. Disponible vía World Wide Web. El acceso puede estar limitado para las bibliotecas afiliadas a elibro. 0aCompetency based education. 4aEducación basada en competencias. 0aEducational evaluation. 4aEvaluación educativa. 0aEducation. 4aEducación. 4aLibros electrónicos.2 aelibro, Corp.40uhttps://elibro.net/ereader/politecnicointernacional/114227 c47100d47100